000 01068nam a2200241 a 4500
999 _c389237
_d389237
003 BLK
005 20250131144900.0
008 200929b bu ||||| |||| 00| 0 bu d
020 _a9786197134889
040 _aBLK
041 _aBUL
_cBUL
080 _aИздания за деца и юноши. Книжки-картинки. Читанки. Вж и 372.4
_b087.5
_z087.5
100 _aБарсоти, Елеонора
_eпърви автор
_91299
139 _aБарсоти, Елеонора
_bБ 26
245 _aСветът около мен на български и английски език
_cЕлеонора Барсоти ; прев. Емилия Драганова
260 _9213788
_aПловдив
_bКоала прес
_c2018
_n978-619-7134- ; 978-954-9455-
300 _a24 с.
_bс цв. ил.
_c31 см
380 _aDX
501 _aОриг. загл.: The world around us Текст и на англ. ез.
852 _aЦб ІІ 25697
_bЦб
942 _cKNG
_n0
_s1
_020
944 _aCR
_c2020-10-06
_k30551
_lБояна Костадинова